| 000 | 00326nam a22001337a 4500 | ||
|---|---|---|---|
| 020 | _qPB. | ||
| 040 | _cFIZZA ISHAQ | ||
| 082 |
_a624.17 _bJOH |
||
| 100 |
_aBIGGS,M.JOHN. _991660 |
||
| 245 |
_aINTRODUCTION TO STRUCTURAL DYNAMICS / _cJOHN M.BIGGS. |
||
| 260 |
_aMC GRAW HILL ; _c2016. |
||
| 300 | _a341 P. ; | ||
| 942 |
_2ddc _cBK |
||
| 999 |
_c589805 _d589805 |
||